Esthetic & restorative dentistry : (Registro nro. 30925)
[ vista simple ]
| 000 -LEADER | |
|---|---|
| fixed length control field | 01535cam a2200361 i 4500 |
| 001 - CONTROL NUMBER | |
| control field | 30925 |
| 003 - CONTROL NUMBER IDENTIFIER | |
| control field | Mx-PuUPA |
| 005 - DATE AND TIME OF LATEST TRANSACTION | |
| control field | 20260406110918.0 |
| 008 - FIXED-LENGTH DATA ELEMENTS--GENERAL INFORMATION | |
| fixed length control field | 140415s2018 iluao gr 000 0 eng d |
| 020 ## - INTERNATIONAL STANDARD BOOK NUMBER | |
| International Standard Book Number | 9780867157635 |
| Qualifying information | empastado |
| 040 ## - CATALOGING SOURCE | |
| Transcribing agency | Mx-PuUPA |
| Original cataloging agency | Mx-PuUPA |
| Language of cataloging | spa |
| Modifying agency | Mx-PuUPA |
| Description conventions | rda |
| 041 0# - LANGUAGE CODE | |
| Language code of text/sound track or separate title | eng |
| 100 1# - MAIN ENTRY--PERSONAL NAME | |
| Personal name | Terry, Douglas A., |
| Relator term | autor |
| 9 (RLIN) | 17962 |
| 245 10 - TITLE STATEMENT | |
| Title | Esthetic & restorative dentistry : |
| Remainder of title | material selection & technique / |
| Statement of responsibility, etc. | Douglas A. Terry, Willi Geller |
| 246 #3 - VARYING FORM OF TITLE | |
| Title proper/short title | Esthetic and restorative dentistry : |
| Remainder of title | material selection and technique. |
| 250 ## - EDITION STATEMENT | |
| Edition statement | Third edition |
| 264 #1 - PRODUCTION, PUBLICATION, DISTRIBUTION, MANUFACTURE, AND COPYRIGHT NOTICE | |
| Place of production, publication, distribution, manufacture | Hanover Park, Il : |
| Name of producer, publisher, distributor, manufacturer | Quintessence Publishing, |
| Date of production, publication, distribution, manufacture, or copyright notice | ©2018 |
| 300 ## - PHYSICAL DESCRIPTION | |
| Extent | xiv, 776 páginas : |
| Other physical details | ilustraciones, fotografías (en color) ; |
| Dimensions | 32 cm |
| 336 ## - CONTENT TYPE | |
| Fuente | rdacontent |
| Content type term | texto |
| Content type code | txt |
| 336 ## - CONTENT TYPE | |
| Fuente | rdacontent |
| Content type term | imagen fija |
| Content type code | sti |
| 337 ## - MEDIA TYPE | |
| Source | rdamedia |
| Media type term | sin medio |
| Media type code | n |
| 338 ## - CARRIER TYPE | |
| Source | rdacarrier |
| Carrier type term | volumen |
| Carrier type code | nc |
| 650 #7 - SUBJECT ADDED ENTRY--TOPICAL TERM | |
| Source of heading or term | armarc |
| Topical term or geographic name entry element | Odontología |
| General subdivision | Estética |
| Form subdivision | Atlas |
| 650 #7 - SUBJECT ADDED ENTRY--TOPICAL TERM | |
| Source of heading or term | armarc |
| Topical term or geographic name entry element | Implantes dentales |
| Form subdivision | Atlas |
| 650 #7 - SUBJECT ADDED ENTRY--TOPICAL TERM | |
| Source of heading or term | armarc |
| Topical term or geographic name entry element | Odontología operatoria |
| Form subdivision | Atlas |
| 650 #7 - SUBJECT ADDED ENTRY--TOPICAL TERM | |
| Source of heading or term | armarc |
| Topical term or geographic name entry element | Materiales dentales |
| Form subdivision | Atlas |
| 700 1# - ADDED ENTRY--PERSONAL NAME | |
| Personal name | Geller, Willi, |
| Relator term | autor |
| 942 ## - ADDED ENTRY ELEMENTS (KOHA) | |
| Source of classification or shelving scheme | Dewey Decimal Classification |
| Koha item type | Libro |
| Classification part | 617.693 |
| Item part | T35 |
| Withdrawn status | Lost status | Source of classification or shelving scheme | Damaged status | Not for loan | Collection code | Home library | Current library | Shelving location | Date acquired | Source of acquisition | Cost, normal purchase price | Total Checkouts | Full call number | Barcode | Date last seen | Cost, replacement price | Price effective from | Koha item type |
|---|---|---|---|---|---|---|---|---|---|---|---|---|---|---|---|---|---|---|
| Dewey Decimal Classification | General | Biblioteca Karol Wojtyla | Biblioteca Karol Wojtyla | Sala general | 23/03/2026 | 2 | 4564.44 | 617.693 T35 2018 | 106447 | 07/04/2026 | 4564.44 | 23/03/2026 | Reserva permanente |